zpět

Detail výsledku týmu

Kozlovna S-klub, Olomouc

Datum a čas kvízu

24 Celkem bodů Celkový počet nahraných bodů na tomto kvízu bez doplňovacích otázek.
13. Pořadí na kvízu Konečné umístění týmu na tomto kvízu.

Zaznamenané odpovědi

# Otázka Odpověď Body Výsledky
1. Ukrajinský prezident Volodymyr... klíč od Senátu, tričko 0
2. Parlament jednoho evropského s... Rakousko 0
3. Hlavní cenu na karlovarském fi... Bulharska 0
4. Jak se nazývá nová sociální sí... Threads 0
5. O víkendu se v okolí Mladé Bol... Rally Bohemia 0
6. Prověříme váš přehled o histor... C) Mácha a Purkyně 0
7. Co si myslíte, mohl vojevůdce... ne 1
8. Seřaďte tyto světové události... 1C 2A 3B 4D 0
9. Která z těchto osobností se na... C 1
10. Která z následujících událostí... D 0